000 00662nam a2200229Ia 4500
003 OSt
005 20221005114040.0
006 a|||||r|||| 00| 0
007 ta
008 221004b |||||||| |||| 00| 0 eng d
024 _a56967
037 _cTextual
040 _aCRL
_cCRL
_beng
041 _2eng
_aeng
082 _aV2:1:M5, B5
100 _aMalleson G B
245 0 _aAmnushes and surprises
_b Being a description of some of the most famous instances of the leading into ambush and the surprise of armies, etc.
260 _c1885
650 _aHISTORY
942 _hV2:1:M5, B5
_cTEXL
_2cc
999 _c1030098
_d1030098